Najbardziej skorumpowane kraje europy - Statystyki

Ogólne statystyki
  • Ten quiz został rozwiązany 98 razy
  • Średni wynik to 12 z 13
Odpowiedzi na mapie
Odpowiedzi zakodowano w zielono-czerwonej skali na mapie do tego quizu, zgodnie z poniższymi procentami.
 
Statystyki odpowiedzi
ilość Państwo % Poprawnych
33/100 Ukraina
99%
28/100 Rosja
94%
39/100 Białoruś
93%
36/100 Serbia
92%
36/100 Albania
91%
39/100 Mołdawia
91%
40/100 Macedonia północna
89%
41/100 Kosowo
88%
46/100 Rumunia
88%
45/100 Czarnogóra
86%
34/100 Bośnia i Hercegowina
85%
43/100 Bułgaria
85%
42/100 Węgry
71%
Nie znaleziono quizów pasujących do podanych kryteriów
Rozkład punktacji
Procent ludzi z każdym wynikiem
Percentyl według liczby udzielonych odpowiedzi
Twoja historia wyników
Nie rozwiązałeś tego quizu